000 01781cam a2200373 a 4500
999 _c17271
_d17271
001 11938662
003 OSt
005 20161123101821.0
008 000311s1998 vaua bc 001 0 eng d
010 _a 00501463
020 _a0879351861
020 _a0963333194
035 _a(OCoLC)ocm41075526
040 _aVCW
_cVCW
_dDLC
042 _alccopycat
043 _ae-uk-en
_an-us-va
050 0 0 _aNK9243
_b.E68 1998
082 0 0 _a746.44/0942/0747554252
_221
100 1 _aEpstein, Kathleen.
245 1 0 _aBritish embroidery :
_bcurious works from the seventeenth century /
_cKathleen Epstein.
260 _aWilliamsburg, Va. :
_bColonial Williamsburg Foundation ;
_aAustin, Tx. :
_bCurious Works Press,
_cc1998.
300 _ax, 109 p. :
_bill. (some col.) ;
_c28 cm.
440 0 _aWilliamsburg decorative arts series.
440 0 _aWallace Gallery decorative arts publication.
500 _a"This book was prepared in conjunction with the exhibit British embroidery: curious works from the seventeenth century, December 5, 1998, to September 6, 1999, at the DeWitt Wallace Gallery, the Colonial Williamsburg Foundation, Williamsburg, Va." --T.p. verso.
504 _aIncludes bibliographical references (p. 103-106) and index.
610 2 0 _aColonial Williamsburg Foundation
_vExhibitions.
650 0 _aEmbroidery, Stuart
_vExhibitions.
650 0 _aEmbroidery
_zEngland
_xHistory
_y17th century
_vExhibitions.
650 0 _aEmbroidery
_zVirginia
_zWilliamsburg
_vExhibitions.
710 2 _aColonial Williamsburg Foundation.
906 _a7
_bcbc
_ccopycat
_d2
_encip
_f20
_gy-gencatlg
942 _2lcc
_cBOOKS
_hNK 9243 .E68 1998